Gewonnene Lebenswartung durch Prävention. <Eine> Modellanalyse am Beispiel der Cholesterinreduktion durch medikamentöse Therapie.

Analýza efektívnosti preventívnych opatrení v sektore starostlivosti o zdravie, ilustrovaná na príklade kardiovaskulárnych chorôb. Do úvahy sa berú ekonomické hľadiská, stupeň redukcie cholesterolu ako rizikového faktora a očakávané dožitie.

Guardado en:
Detalles Bibliográficos
Autor principal: Adam, H.
Otros Autores: Henke, Klaus-Dirk
Formato: Capítulo de libro
Lenguaje:alemán
Materias:
Etiquetas: Agregar Etiqueta
Sin Etiquetas, Sea el primero en etiquetar este registro!

MARC

LEADER 00000naa a2200000 4500
001 r012101
005 20221130103425.8
041 0 |a ger 
044 |a DE 
245 1 0 |a Gewonnene Lebenswartung durch Prävention.  |b <Eine> Modellanalyse am Beispiel der Cholesterinreduktion durch medikamentöse Therapie.  |c H. Adam, Klaus-Dirk Henke 
520 |a Analýza efektívnosti preventívnych opatrení v sektore starostlivosti o zdravie, ilustrovaná na príklade kardiovaskulárnych chorôb. Do úvahy sa berú ekonomické hľadiská, stupeň redukcie cholesterolu ako rizikového faktora a očakávané dožitie. 
610 2 0 |a zdravotníctvo 
610 2 0 |a starostlivosť zdravotná 
610 2 0 |a analýza ekonomická 
610 2 0 |a modely 
100 1 |a Adam, H. 
700 1 |a Henke, Klaus-Dirk